<?xml version="1.0" encoding="UTF-8"?>
<record
    xmlns:xsi="http://www.w3.org/2001/XMLSchema-instance"
    xsi:schemaLocation="http://www.loc.gov/MARC21/slim http://www.loc.gov/standards/marcxml/schema/MARC21slim.xsd"
    xmlns="http://www.loc.gov/MARC21/slim">

  <leader>03322nam a22004217a 4500</leader>
  <datafield tag="999" ind1=" " ind2=" ">
    <subfield code="c">21780</subfield>
    <subfield code="d">21780</subfield>
  </datafield>
  <controlfield tag="003">AR-CdUCM</controlfield>
  <controlfield tag="008">190425b           ||||| |||| 00| 0 spa d</controlfield>
  <datafield tag="040" ind1=" " ind2=" ">
    <subfield code="a">MUNICIPALIDAD PROVINCIAL DEL CUSCO</subfield>
    <subfield code="c">BIBLIOTECA MUNICIPAL DEL CUSCO</subfield>
  </datafield>
  <datafield tag="082" ind1=" " ind2=" ">
    <subfield code="a">Rev.Univ/N&#xB0;131/1978</subfield>
  </datafield>
  <datafield tag="110" ind1=" " ind2=" ">
    <subfield code="a">Universidad Nacional de San Antonio Abad del Cusco</subfield>
    <subfield code="9">15942</subfield>
  </datafield>
  <datafield tag="245" ind1=" " ind2=" ">
    <subfield code="a">Revista Universitaria :</subfield>
    <subfield code="b">&#xD3;rgano de la Universidad del Cuzco /</subfield>
  </datafield>
  <datafield tag="260" ind1=" " ind2=" ">
    <subfield code="a">Cusco :</subfield>
    <subfield code="b">Cultura Andina,</subfield>
    <subfield code="c">1978.</subfield>
  </datafield>
  <datafield tag="300" ind1=" " ind2=" ">
    <subfield code="a">203 p&#xE1;ginas. :</subfield>
    <subfield code="c">20 cm.</subfield>
  </datafield>
  <datafield tag="440" ind1=" " ind2=" ">
    <subfield code="a">Revista Universitaria</subfield>
    <subfield code="n">A&#xF1;o LXIV, 1978, N&#xB0;131.</subfield>
    <subfield code="9">46070</subfield>
  </datafield>
  <datafield tag="505" ind1=" " ind2=" ">
    <subfield code="a">Contenido: Relaci&#xF3;n de autoridades de la Universidad Nacional de San Antonio Abad del Cusco. -- Deslizamiento en el valle del r&#xED;o Urubamba sector entre Huayllabamba y Pachar departamento del Cusco. Carlos Kalafatovich. -- Los origenes de las lenguas quechuas y aimara. Luis A. Pardo. -- Luis E. Valc&#xE1;rcel. Luis Felipe Paredes. -- El seminario como t&#xE9;cnica metodol&#xF3;gica en la ense&#xF1;anza universitaria. Delia Vidal de Milla. -- La mujer campesina de Chac&#xE1;n. Rina Cornejo Mu&#xF1;oz de Vera. -- El problema de las profesiones. Augusto Correa Castro. -- La ley de unidad y lucha de contrarios. Hugo Florez Ugarte. -- Una protesta de pastores de puna alta Chichillapi 1901. Jorge Flores Ochoa. -- IV industrializaci&#xF3;n de Lupinus mut&#xE1;bilis Tarhui. Salustio Jim&#xE9;nez. -- Necesidad de producir la semilla de hortalizas. Juan Cl&#xED;maco Monteagudo. -- La funci&#xF3;n po&#xE9;tica del Sustantivo. Gustavo P&#xE9;rez Ocampo. -- Etnotaxonom&#xED;a de la papa en algunas comunidades del Cusco. Jorge S&#xE1;nchez Farf&#xE1;n. -- La lectura como instrumento de la educaci&#xF3;n. Hernando Salas. -- El mariscal don Andr&#xE9;s de Santa Cruz y la reforma de la educaci&#xF3;n en el Per&#xFA;. Armando Sotomayor Farf&#xE1;n. -- La edad de oro de la Universidad. Jos&#xE9; Tamayo Herrera. -- Efectos del descongelamiento parcial en Merluza congelada. Adelma Troncoso de Jim&#xE9;nez. -- Hacia el esbozo de nuevas hip&#xF3;tesis para el estudio del Pucllay del Chiaraje. Abrah&#xE1;n Valencia Espinoza. -- Algunos problemas en la aplicaci&#xF3;n de la didactica de las Ciencias Naturales en nuestro medio. Lucio Vel&#xE1;squez Vel&#xE1;squez. -- Faner&#xF3;gamas par&#xE1;sitas del departamento del Cusco estudio preliminar taxon&#xF3;mico y fisiol&#xF3;gico. Horacio Zamalloa D&#xED;az. -- Juan Bautista T&#xFA;pac Amaru. Memorias de su cautiverio. Notas e introducci&#xF3;n de Manuel Jes&#xFA;s Aparicio Vega.</subfield>
  </datafield>
  <datafield tag="650" ind1=" " ind2=" ">
    <subfield code="a">Agricultura</subfield>
    <subfield code="9">320</subfield>
  </datafield>
  <datafield tag="650" ind1=" " ind2=" ">
    <subfield code="a">Antropolog&#xED;a cusque&#xF1;a</subfield>
    <subfield code="9">45862</subfield>
  </datafield>
  <datafield tag="650" ind1=" " ind2=" ">
    <subfield code="a">Comunidades campesinas</subfield>
    <subfield code="9">2214</subfield>
  </datafield>
  <datafield tag="650" ind1=" " ind2=" ">
    <subfield code="a">Lengua Quechua</subfield>
    <subfield code="9">46071</subfield>
  </datafield>
  <datafield tag="650" ind1=" " ind2=" ">
    <subfield code="a">Lengua Aimara</subfield>
    <subfield code="9">46072</subfield>
  </datafield>
  <datafield tag="650" ind1=" " ind2=" ">
    <subfield code="a">G&#xE9;nero</subfield>
    <subfield code="9">46073</subfield>
  </datafield>
  <datafield tag="650" ind1=" " ind2=" ">
    <subfield code="a">Tub&#xE9;rculos </subfield>
    <subfield code="9">46074</subfield>
  </datafield>
  <datafield tag="650" ind1=" " ind2=" ">
    <subfield code="a">Andr&#xE9;s de Santa Cruz </subfield>
    <subfield code="9">46075</subfield>
  </datafield>
  <datafield tag="650" ind1=" " ind2=" ">
    <subfield code="a">Folklore cusque&#xF1;o</subfield>
    <subfield code="9">8693</subfield>
  </datafield>
  <datafield tag="650" ind1=" " ind2=" ">
    <subfield code="a">Juan Bautista T&#xFA;pac Amaru</subfield>
    <subfield code="9">46076</subfield>
  </datafield>
  <datafield tag="700" ind1=" " ind2=" ">
    <subfield code="a">Flores Ochoa. Jorge</subfield>
    <subfield code="9">2915</subfield>
  </datafield>
  <datafield tag="700" ind1=" " ind2=" ">
    <subfield code="a">Aparicio Vega, Manuel Jes&#xFA;s</subfield>
    <subfield code="9">1304</subfield>
  </datafield>
  <datafield tag="700" ind1=" " ind2=" ">
    <subfield code="a">Kalafatovich, Carlos</subfield>
    <subfield code="9">45994</subfield>
  </datafield>
  <datafield tag="700" ind1=" " ind2=" ">
    <subfield code="a">Cornejo Mu&#xF1;oz de Vera, Rina</subfield>
    <subfield code="9">30421</subfield>
  </datafield>
  <datafield tag="700" ind1=" " ind2=" ">
    <subfield code="a">P&#xE9;rez Ocampo, Gustavo</subfield>
    <subfield code="9">46077</subfield>
  </datafield>
  <datafield tag="700" ind1=" " ind2=" ">
    <subfield code="a">S&#xE1;nchez Farf&#xE1;n, Jorge</subfield>
    <subfield code="9">46078</subfield>
  </datafield>
  <datafield tag="700" ind1=" " ind2=" ">
    <subfield code="a">Sotomayor Farf&#xE1;n, Armando</subfield>
    <subfield code="9">46079</subfield>
  </datafield>
  <datafield tag="700" ind1=" " ind2=" ">
    <subfield code="a">Valencia Espinoza, Abrah&#xE1;n</subfield>
    <subfield code="9">46080</subfield>
  </datafield>
  <datafield tag="700" ind1=" " ind2=" ">
    <subfield code="a">Zamalloa D&#xED;az, Horacio</subfield>
    <subfield code="9">46081</subfield>
  </datafield>
  <datafield tag="710" ind1=" " ind2=" ">
    <subfield code="a">Universidad Nacional de San Antonio Abad del Cusco</subfield>
    <subfield code="9">15942</subfield>
  </datafield>
  <datafield tag="942" ind1=" " ind2=" ">
    <subfield code="2">ddc</subfield>
    <subfield code="c">PP</subfield>
  </datafield>
  <datafield tag="945" ind1=" " ind2=" ">
    <subfield code="a">rac</subfield>
  </datafield>
  <datafield tag="952" ind1=" " ind2=" ">
    <subfield code="0">0</subfield>
    <subfield code="2">ddc</subfield>
    <subfield code="4">0</subfield>
    <subfield code="7">0</subfield>
    <subfield code="a">HEM</subfield>
    <subfield code="b">HEM</subfield>
    <subfield code="c">CART</subfield>
    <subfield code="d">2021-07-21</subfield>
    <subfield code="g">10.00</subfield>
    <subfield code="o">Rev.Univ/N&#xB0;131/1978</subfield>
    <subfield code="p">REVC000213</subfield>
    <subfield code="r">2021-07-21</subfield>
    <subfield code="y">PP</subfield>
  </datafield>
</record>
